| 000 | 00524nam a2200157 a 4500 | ||
|---|---|---|---|
| 001 | 000042080 | ||
| 005 | 20201002035928.0 | ||
| 008 | 131113s1979 nq 000 0 spa d | ||
| 040 |
_aDO-SdBNP _bspa _cBNPHU |
||
| 082 |
_axxxx _bxxxx |
||
| 100 | 1 |
_aBorge, Tomás _969073 |
|
| 245 | 1 | 0 |
_aCarlos, el amanecer ya no es una tentación. / _cTomás Borge; prólogo, Roberto Fernández Retamar. |
| 260 |
_a[Nicaragua?], : _bMinisterio de Educación, _c1979. |
||
| 300 |
_a80 p. : _b20 cm. |
||
| 700 | 1 |
_aFernández Retamar, Roberto _95808 |
|
| 999 |
_c41569 _d41569 |
||